| 000 | 00648nam a22002057a 4500 | ||
|---|---|---|---|
| 005 | 20260428114720.0 | ||
| 010 | _aENG-148353-354 | ||
| 020 |
_a9789349015623 _c6995.00(Set of 2 Vols) |
||
| 035 | _aEN-131885-886 | ||
| 037 | _bDBAD | ||
| 082 |
_a347.93954 _216 |
||
| 100 | _aHargopal | ||
| 245 |
_aLegal Draftsman: _bA Comprehensive Guide to Deeds and Documents/ _cHargopal |
||
| 250 | _a16 | ||
| 260 |
_aGurgaon _bLexis Nexis _c2026 |
||
| 270 |
_a14th floor building no 10, tower-B, DLF cyber city, phase-II _bGurgaon _e122002 |
||
| 300 |
_alxviii,3363p. _c25cm(hb) |
||
| 490 | _v1,2 | ||
| 942 |
_2ddc _cEN _h347.930954 _mHAR _e1 |
||
| 999 |
_c215996 _d215996 |
||